Report of the Third Central Pay Commission, 1973 (Record no. 489351)

000 -LEADER
fixed length control field 00526cam a22001457a 4500
008 - FIXED-LENGTH DATA ELEMENTS--GENERAL INFORMATION
fixed length control field 180718b1973 xxu||||| |||| 00| 0 eng d
082 ## - DEWEY DECIMAL CLASSIFICATION NUMBER
Classification number K23x54 In2/3
100 ## - MAIN ENTRY--PERSONAL NAME
Personal name India. Central Pay Commission
245 ## - TITLE STATEMENT
Title Report of the Third Central Pay Commission, 1973
Statement of responsibility, etc. by Ministry of Finance
260 ## - PUBLICATION, DISTRIBUTION, ETC.
Place of publication, distribution, etc. Delhi
Name of publisher, distributor, etc. The Controller of Publications
Date of publication, distribution, etc. 1973
300 ## - PHYSICAL DESCRIPTION
Extent 3v.
500 ## - GENERAL NOTE
General note Contents: v.1. 254+p;v.2. 2 Parts. Pt. 1. 200+p;Pt. 2. 175+p;v.3. 60+p
700 ## - ADDED ENTRY--PERSONAL NAME
Personal name India. Ministry of Finance
700 ## - ADDED ENTRY--PERSONAL NAME
Personal name Dayal, Raghubar (Chairman)
Holdings
Withdrawn status Lost status Damaged status Not for loan Permanent Location Current Location Date acquired Full call number Barcode Date last seen Price effective from Koha item type
        Indian Institute of Public Administration Indian Institute of Public Administration 2018-08-04 K23x54 In2/3 G14426 2018-08-04 2018-08-04 G
        Indian Institute of Public Administration Indian Institute of Public Administration 2018-08-04 K23x54 In2/3 G11713 2018-08-04 2018-08-04 G
        Indian Institute of Public Administration Indian Institute of Public Administration 2018-08-04 K23x54 In2/3 G11712 2018-08-04 2018-08-04 G
        Indian Institute of Public Administration Indian Institute of Public Administration 2018-08-04 K23x54 In2/3 G11711 2018-08-04 2018-08-04 G
        Indian Institute of Public Administration Indian Institute of Public Administration 2018-08-04 K23x54 In2/3 G11710 2018-08-04 2018-08-04 G
        Indian Institute of Public Administration Indian Institute of Public Administration 2018-08-04 K23x54 In2/3 G11700 2018-08-04 2018-08-04 G

Powered by Koha